00825cam a22002417a 4500003000500000005001700005008004100022010001000063011001000073035001000083040000900093082002100102100002900123245010000152260006700252300001900319500001400338500012000352650002300472650003400495650003200529650002200561CHAP20220329141106.0971013s1997 r 00010 d a62464 a63436 a67612 cCHAP a636.0882bT7 v.600aVendo Tielves, Raymundo.13aLa educación superior en Cuba su aporte al fomento de un mejor uso de los animales de trabajo aPinar del Río, Cuba :bUniversidad de Pinar del Río,c1997 a17 h.b; anexo aFotocopia aTrabajo presentado en: Reunión Técnica para un Mejor Uso de los Animales de Trabajo (1997 : Managua, Nicaragua)14aAnimales de carga.14aEducación agrícolaxCuba.14aEducación superiorxCuba.14aEnergía animal.